Michael Jackson Song Initials Quiz - Statistics

General Stats
  • This quiz has been taken 797 times
  • The average score is 10 of 16
Answer Stats
Initials Year Song % Correct
BJ 1982 Billie Jean
86%
PYT 1982 Pretty Young Thing
84%
MITM 1987 Man in the Mirror
75%
BOW 1991 Black or White
74%
TWYMMF 1987 The Way You Make Me Feel
73%
BI 1982 Beat It
69%
SC 1982 Smooth Criminal
67%
TDCAU 1995 They Don't Care About Us
67%
DSTYGE 1979 Don't Stop 'Til You Get Enough
63%
HTW 1991 Heal the World
63%
OTW 1979 Off the Wall
62%
WBSS 1982 Wanna Be Startin' Somethin'
56%
LMA 1987 Leave Me Alone
50%
JGF 1987 Just Good Friends
40%
WDAN 1979 Working Day and Night
31%
BTDO 1979 Burn This Disco Out
26%
No matching quizzes found
Score Distribution
Percent of People with Each Score
Percentile by Number Answered
Your Score History
You have not taken this quiz